LEADER 03696nam 2200913z- 450 001 9910743277903321 005 20230911 035 $a(CKB)5690000000228528 035 $a(oapen)doab113876 035 $a(EXLCZ)995690000000228528 100 $a20230920c2023uuuu -u- - 101 0 $aeng 135 $aurmn|---annan 181 $ctxt$2rdacontent 182 $cc$2rdamedia 183 $acr$2rdacarrier 200 00$a10th Anniversary of JCM$eRecent Diagnostic and Therapeutic Advance in Gastroenterology and Hepatopancreatobiliary Medicine 210 $cMDPI - Multidisciplinary Digital Publishing Institute$d2023 215 $a1 online resource (164 p.) 311 08$a3-0365-8393-9 330 $aThe year 2021 marks the 10th anniversary of Journal of Clinical Medicine, and as one of the major sections of JCM, we are launching a 10th anniversary Special Issue in the section "Gastroenterology & Hepatopancreatobiliary Medicine". We accepted papers for the Special Issue, titled "Recent diagnostic and therapeutic advance in Gastroenterology & Hepatopancreatobiliary Medicine". This medical field is a complex and wide-ranging field that deals with diseases in multiple organs such as the gastrointestinal tract and hepatobiliary pancreas. With recent advances in diagnostic imaging and interventional treatment, those in endoscopic diagnosis and treatment, those in functional test and those in genetic diagnosis and drug therapy, including the molecular-targeted therapy, many new medical findings have been accumulated. In this Special Issue, we looked for reports that make full use of advances in diagnostics and therapeutics in the field of Gastroenterology and Hepatopancreatobiliary Medicine. 606 $aMedicine and Nursing$2bicssc 610 $aabdominal distention 610 $aabdominal pain 610 $abiologics 610 $acarbon dioxide 610 $aCO2 insufflation 610 $acolonoscopy 610 $acolorectal liver metastases 610 $acolorectal tumor 610 $aCrohn's disease 610 $aendoscopic submucosal dissection 610 $aendoscopy 610 $aeradication therapy 610 $aFOLFIRINOX 610 $afunctional bowel disorders 610 $agastric cancer 610 $agastric cancer screening 610 $agastrointestinal bleeding 610 $agut microbiota 610 $aH. pylori 610 $ahealth check 610 $ahealth-related quality of life (HRQoL) 610 $ahyperplastic polyp 610 $ahypothermic 610 $aL3 skeletal muscle index 610 $aliver metastases 610 $aliver resection 610 $aliver transplant 610 $amachine learning 610 $amachine perfusion 610 $ametastatic pancreatic carcinoma 610 $amortality 610 $an/a 610 $anon-colorectal and non-neuroendocrine liver metastases 610 $anormothermic 610 $aoxaliplatin 610 $apercutaneous endoscopic gastrostomy 610 $aperianal fistula 610 $apersonalized diet 610 $apersonalized medicine 610 $aprognostic factor 610 $aradiological fistula remission 610 $asarcopenia 610 $asessile serrated lesion 610 $asmall-molecule drugs 610 $asurvival 610 $athromboembolic events 610 $atraction method 610 $atranexamic acid 610 $atransnasal endoscopy 610 $aTurkey 610 $aTXI 610 $austekinumab 615 7$aMedicine and Nursing 906 $aBOOK 912 $a9910743277903321 996 $a10th Anniversary of JCM$93560573 997 $aUNINA